Municipalités aléatoires de la métropole du Grand Paris - Statistiques

Statistiques générales
  • Ce quiz a été pris 343 fois
  • Le résultat moyen est 6 sur 10
Réponses sur la Carte
Les réponses sont colorées sur une échelle allant du rouge au vert en fonction du pourcentage des utilisateurs qui les ont devinées à leur premier essai. Vous pouvez retrouver ces pourcentages ci-dessous.
 
Statistiques - réponses
Réponse % Correct
Aubervilliers
100%
Bois-Colombes
100%
Boulogne-Billancourt
100%
Champigny-sur-Marne
100%
Châtenay-Malabry
100%
Chevilly-Larue
100%
Colombes
100%
Courbevoie
100%
Drancy
100%
Épinay-sur-Seine
100%
Ivry-sur-Seine
100%
La Queue-en-Brie
100%
Le Plessis-Robinson
100%
Les Lilas
100%
Levallois-Perret
100%
Maisons-Alfort
100%
Montrouge
100%
Pantin
100%
Paris
100%
Puteaux
100%
Saint-Denis
100%
Saint-Mandé
100%
Vanves
100%
Vitry-sur-Seine
100%
Joinville-le-Pont
88%
Fontenay-sous-Bois
83%
Saint-Cloud
83%
Suresnes
83%
Argenteuil
80%
Aulnay-sous-Bois
80%
Bagnolet
80%
Fresnes
80%
Stains
80%
Valenton
80%
Villeneuve-Saint-Georges
80%
Cachan
78%
Antony
75%
Gentilly
75%
Issy-les-Moulineaux
75%
Neuilly-sur-Seine
75%
Pierrefitte-sur-Seine
75%
Sèvres
75%
Clichy
71%
Arcueil
67%
Asnières-sur-Seine
67%
Bondy
67%
Charenton-le-Pont
67%
Gournay-sur-Marne
67%
La Courneuve
67%
La Garenne-Colombes
67%
Villejuif
67%
Châtillon
63%
Ablon-sur-Seine
60%
Chennevières-sur-Marne
60%
Le Bourget
60%
Malakoff
60%
Montreuil
60%
Morangis
60%
Savigny-sur-Orge
60%
Vincennes
60%
Rueil-Malmaison
57%
Villeneuve-la-Garenne
57%
Alfortville
50%
Bobigny
50%
Clamart
50%
Créteil
50%
Le Kremlin-Bicêtre
50%
Le Perreux-sur-Marne
50%
Le Pré-Saint-Gervais
50%
L'Haÿ-les-Roses
50%
Livry-Gargan
50%
Noisy-le-Grand
50%
Noisy-le-Sec
50%
Saint-Maur-des-Fossés
50%
Saint-Maurice
50%
Saint-Ouen-sur-Seine
50%
Santeny
50%
Sevran
50%
Sucy-en-Brie
50%
Tremblay-en-France
50%
Villemomble
50%
Villetaneuse
50%
Viry-Châtillon
50%
Villepinte
44%
Bonneuil-sur-Marne
43%
Bry-sur-Marne
43%
Orly
43%
Bourg-la-Reine
40%
Choisy-le-Roi
40%
Villiers-sur-Marne
40%
Bagneux
33%
Chaville
33%
Dugny
33%
Fontenay-aux-Roses
33%
Gagny
33%
L'Île-Saint-Denis
33%
Montfermeil
33%
Nanterre
33%
Neuilly-Plaisance
33%
Ormesson-sur-Marne
33%
Paray-Vieille-Poste
33%
Périgny
33%
Rosny-sous-Bois
33%
Thiais
33%
Marnes-la-Coquette
29%
Villeneuve-le-Roi
29%
Juvisy-sur-Orge
25%
Meudon
25%
Vaucresson
25%
Athis-Mons
20%
Marolles-en-Brie
20%
Noiseau
20%
Boissy-Saint-Léger
0%
Clichy-sous-Bois
0%
Coubron
0%
Garches
0%
Gennevilliers
0%
Le Blanc-Mesnil
0%
Le Plessis-Trévise
0%
Le Raincy
0%
Les Pavillons-sous-Bois
0%
Limeil-Brévannes
0%
Mandres-les-Roses
0%
Neuilly-sur-Marne
0%
Nogent-sur-Marne
0%
Romainville
0%
Rungis
0%
Sceaux
0%
Vaujours
0%
Villecresnes
0%
Ville-d'Avray
0%
Aucun quiz correspondant
Distribution des résultats
% des personnes avec chaque résultat
Percentile par nombre de réponses
Votre historique - résultats
Vous n’avez pas pris ce quiz